ASEAN + 3 và EU - bùng nổ thương mai và nhu cầu cấp thiết của vận tải
Obchodný boom a nevyhnutnosť dopravy medzi ASEAN + 3 krajiny (ASEAN plus three - APT) a Európskou úniou. Obchodné vzťahy medzi týmito krajinami.
Saved in:
| Main Author: | |
|---|---|
| Other Authors: | |
| Format: | Book Chapter |
| Language: | Vietnamese |
| Subjects: | |
| Tags: |
No Tags, Be the first to tag this record!
|
MARC
| LEADER | 00000naa$a2200000$$$4500 | ||
|---|---|---|---|
| 001 | 0051005 | ||
| 005 | 20240502083135.1 | ||
| 041 | 0 | |a vie | |
| 044 | |a VN | ||
| 245 | 1 | 0 | |a ASEAN + 3 và EU - bùng nổ thương mai và nhu cầu cấp thiết của vận tải |c Ho Thi Thu Hoa, Heda Hansenová |
| 520 | |a Obchodný boom a nevyhnutnosť dopravy medzi ASEAN + 3 krajiny (ASEAN plus three - APT) a Európskou úniou. Obchodné vzťahy medzi týmito krajinami. | ||
| 610 | 2 | 0 | |a Európska únia |
| 610 | 2 | 0 | |a ASEAN |
| 610 | 2 | 0 | |a doprava |
| 610 | 2 | 0 | |a Ázia |
| 610 | 2 | 0 | |a vzťahy obchodné |
| 610 | 2 | 0 | |a obchod medzinárodný |
| 100 | 1 | |a Ho Thi Thu Hoa | |
| 700 | 1 | |a Hansenová, Heda | |